Secrets, spies, and scholars : blueprint of the essential CIA /

Bibliographic Details
Main Author: Cline, Ray S.
Format: Book
Language:English
Published: Washington : Acropolis Books, [1976]
Subjects:

MARC

Tag First Indicator Second Indicator Subfields
LEADER 00000pam a2200000 i 4500
001 in00000043227
005 20151007070924.0
008 761222s1976 dcuaf b 00110 eng
010 |a  76056410  
020 |a 0874910463 
035 |a (OCoLC)02646178 
035 |9 AAE4969AM 
040 |a DLC  |c DLC  |d TXA  |d UtOrBLW 
043 |a n-us--- 
049 |a TXAM  |c [981049] 
050 0 0 |a JK468.I6  |b C55 
082 0 |a 327/.12/06173 
100 1 |a Cline, Ray S. 
245 1 0 |a Secrets, spies, and scholars :  |b blueprint of the essential CIA /  |c by Ray S. Cline. 
264 1 |a Washington :  |b Acropolis Books,  |c [1976] 
264 4 |c ©1976 
300 |a xii, 294 pages, 2 unnumbered leaves of plates :  |b illustrations ;  |c 24 cm. 
336 |a text  |b txt  |2 rdacontent 
337 |a unmediated  |b n  |2 rdamedia 
338 |a volume  |b nc  |2 rdacarrier 
504 |a Includes bibliographical references and index. 
610 1 0 |a United States.  |b Central Intelligence Agency. 
999 |a MARS 
999 f f |s 43a7c67d-84cf-3452-bdbf-74a9cdf3df9a  |i 5976366e-c0d7-3fe6-9889-bafef3205f10  |t 0 
952 f f |p ric  |a Texas A&M University  |b Rellis Campus  |c Joint Library Facility  |d Remote Storage  |t 0  |e JK468.I6 C55  |h Library of Congress classification  |i unmediated -- volume  |m A14803092273 
998 f f |a JK468.I6 C55  |t 0  |l Remote Storage